[Event "V Festival Mare di Fano A"]
[Site "Fano ITA"]
[Date "2016.08.01"]
[Round "4"]
[White "Urkedal, Frode"]
[Black "Csonka, Attila Istvan"]
[WhiteElo "2557"]
[BlackElo "2316"]
[Result "1-0"]
[PlyCount "57"]
[EventDate "2016.07.30"]

1. d4 Nf6 2. c4 e6 3. Nc3 Bb4 4. Qc2 d5 5. a3 Bxc3+ 6. Qxc3 Ne4 7. Qc2 c5 8.
dxc5 Nc6 9. e3 Qa5+ 10. Bd2 Nxd2 11. Qxd2 dxc4 12. Bxc4 Qxc5 13. Rc1 Qe7 14.
Nf3 O-O 15. O-O Rd8 16. Qc3 Bd7 17. e4 Rac8 18. Qe3 e5 19. Bd5 Bg4 20. Ng5 Bh5
21. f4 h6 22. Nh3 Bg4 23. f5 Qh4 24. Bxc6 Bxh3 25. Bxb7 Rxc1 26. Qxc1 Bg4 27.
Bd5 Be2 28. Rf2 Bd3 29. Qe3 1-0

[Event "V Festival Mare di Fano A"]
[Site "Fano ITA"]
[Date "2016.08.01"]
[Round "4"]
[White "Villar Nieves, Antonio"]
[Black "Paler, Adrian"]
[WhiteElo "2175"]
[BlackElo "2066"]
[Result "0-1"]
[PlyCount "84"]
[EventDate "2016.07.30"]

1. e4 c5 2. Nc3 e6 3. f4 Nc6 4. Nf3 a6 5. a4 Nge7 6. g3 g6 7. e5 Nf5 8. Ne4 Be7
9. c3 d5 10. exd6 Bxd6 11. Nxd6+ Qxd6 12. Bg2 O-O 13. O-O Rd8 14. Qc2 Bd7 15.
b3 Rac8 16. Ng5 Be8 17. Ne4 Qe7 18. Bb2 b6 19. Rae1 h6 20. Rf2 Nd6 21. Nxd6
Qxd6 22. Qd1 b5 23. axb5 axb5 24. Qe2 Na5 25. Qd1 c4 26. bxc4 bxc4 27. Qc2 Qc5
28. Re5 Qb6 29. Ba3 Nb3 30. Kf1 Bc6 31. Bb4 Rd3 32. Bxc6 Qxc6 33. Kg1 Rcd8 34.
Ree2 Qd5 35. Re5 Qd7 36. Qa2 Rxd2 37. Rxd2 Nxd2 38. Ra5 Qd3 39. Qa1 Qe3+ 40.
Kg2 Qf3+ 41. Kh3 Ne4 42. Be7 Nf2+ 0-1

[Event "V Festival Mare di Fano A"]
[Site "Fano ITA"]
[Date "2016.08.01"]
[Round "4"]
[White "Weichhold, Pawel"]
[Black "Varvaglione, Antonio"]
[WhiteElo "2387"]
[BlackElo "2189"]
[Result "1-0"]
[PlyCount "55"]
[EventDate "2016.07.30"]

1. a3 e5 2. c4 Nf6 3. g3 d5 4. cxd5 Nxd5 5. Bg2 Be7 6. Nc3 Nb6 7. Nf3 Nc6 8. d3
O-O 9. O-O Be6 10. Be3 f6 11. Rc1 Nd4 12. Bxd4 exd4 13. Ne4 a5 14. Qc2 Rc8 15.
Nc5 Bd5 16. Nxd4 Bxg2 17. Nde6 Qd6 18. Kxg2 Rf7 19. Qb3 a4 20. Qa2 Qc6+ 21. Kg1
Nd7 22. Nd4 Qd6 23. Nf5 Qe5 24. Nxe7+ Qxe7 25. Nxb7 Kf8 26. Rc2 Qe5 27. Qc4 Nb6
28. Qc5+ 1-0

[Event "V Festival Mare di Fano A"]
[Site "Fano ITA"]
[Date "2016.08.02"]
[Round "5"]
[White "Altieri, Danilo Mario"]
[Black "Rezzuti, Vincenzo"]
[WhiteElo "2037"]
[BlackElo "1937"]
[Result "1/2-1/2"]
[PlyCount "79"]
[EventDate "2016.07.30"]

1. c4 e6 2. g3 d5 3. Bg2 c6 4. b3 Nf6 5. Bb2 Be7 6. e3 Nbd7 7. Nf3 O-O 8. O-O
Qc7 9. d3 b6 10. Nbd2 Bb7 11. Qe2 Rac8 12. Rac1 Qb8 13. h3 c5 14. g4 Rfd8 15.
Nh2 dxc4 16. Bxb7 Qxb7 17. Nxc4 b5 18. Nd2 Rc7 19. g5 Nd5 20. Ne4 Rdc8 21. Ba3
b4 22. Bb2 Nc3 23. Bxc3 bxc3 24. Rxc3 Qd5 25. h4 Rc6 26. Rfc1 f5 27. gxf6 gxf6
28. Qf3 Kh8 29. Ng3 Qxf3 30. Nxf3 f5 31. b4 Bf6 32. Rc4 Ra6 33. R1c2 Ra3 34. d4
f4 35. Nf1 Rg8+ 36. Kh2 cxd4 37. Nxd4 Ne5 38. Rc8 Ng4+ 39. Kh1 Nxf2+ 40. Kh2
1/2-1/2

[Event "V Festival Mare di Fano A"]
[Site "Fano ITA"]
[Date "2016.08.02"]
[Round "5"]
[White "Aris, T.L.S."]
[Black "Landi, Alberto"]
[WhiteElo "2162"]
[BlackElo "2004"]
[Result "1-0"]
[PlyCount "117"]
[EventDate "2016.07.30"]

1. d4 d5 2. c4 e6 3. Nc3 c6 4. e3 Nf6 5. Nf3 Nbd7 6. Qc2 Bd6 7. g4 Nxg4 8. Rg1
Nxh2 9. Nxh2 Bxh2 10. Rxg7 Nf8 11. Rg2 Bd6 12. Bd2 Ng6 13. Be2 Nh4 14. Rg1 Nf5
15. O-O-O h5 16. Qd3 Be7 17. Bf3 Qb6 18. c5 Qa6 19. Qc2 b6 20. Be2 Qb7 21. Bd3
Bd7 22. Kb1 O-O-O 23. cxb6 axb6 24. Bxf5 exf5 25. Nxd5 Bd6 26. Rc1 Kb8 27. Nf6
Rc8 28. Nxd7+ Qxd7 29. Rg5 h4 30. Rh1 h3 31. f4 Rh6 32. Bc3 Qe6 33. Rg3 Rch8
34. Qd3 Qe4 35. Qxe4 fxe4 36. Rh2 R8h7 37. Kc2 Kc7 38. b4 b5 39. Kb3 Be7 40. a4
bxa4+ 41. Kxa4 Kb6 42. Be1 Ka6 43. Rg1 Kb6 44. Rgh1 Rh5 45. Kb3 Bd6 46. Kc4 Be7
47. Bc3 Bd6 48. Rg1 R7h6 49. Rgh1 Rh7 50. Ra1 Rg7 51. Rha2 Bb8 52. Ra5 Rh6 53.
d5 h2 54. Bxg7 cxd5+ 55. Rxd5 h1=Q 56. Rxh1 Rxh1 57. Bd4+ Kc6 58. b5+ Kc7 59.
Rf5 1-0

[Event "V Festival Mare di Fano A"]
[Site "Fano ITA"]
[Date "2016.08.02"]
[Round "5"]
[White "Aulia, Medina Warda"]
[Black "Matsenko, Vadim"]
[WhiteElo "2382"]
[BlackElo "2132"]
[Result "1-0"]
[PlyCount "61"]
[EventDate "2016.07.30"]

1. e4 c5 2. Nf3 d6 3. d4 cxd4 4. Nxd4 Nf6 5. Nc3 e6 6. Be2 Be7 7. Be3 a6 8. a4
Nc6 9. O-O O-O 10. Kh1 Qc7 11. f4 Bd7 12. Qe1 e5 13. Nb3 Nb4 14. Rc1 Ng4 15.
Bxg4 Bxg4 16. f5 Bh5 17. g4 Bxg4 18. Qg3 Bh5 19. f6 Bg6 20. fxe7 Qxe7 21. Nd2
Rac8 22. Nf3 f5 23. Qh4 Qxh4 24. Nxh4 fxe4 25. Rxf8+ Rxf8 26. Nxg6 hxg6 27.
Nxe4 Rf3 28. Bd2 Na2 29. Ra1 d5 30. Rxa2 dxe4 31. Kg2 1-0

[Event "V Festival Mare di Fano A"]
[Site "Fano ITA"]
[Date "2016.08.02"]
[Round "5"]
[White "Cavalieri, Riccardo"]
[Black "Lavorgna, Filippo"]
[WhiteElo "1937"]
[BlackElo "1849"]
[Result "1-0"]
[PlyCount "71"]
[EventDate "2016.07.30"]

1. e4 c6 2. d4 d5 3. Nc3 dxe4 4. Nxe4 Bf5 5. Ng3 Bg6 6. h4 h6 7. Nf3 Nd7 8. h5
Bh7 9. Bd3 Bxd3 10. Qxd3 e6 11. Bd2 Qc7 12. O-O-O Ngf6 13. Ne4 Nxe4 14. Qxe4
Nf6 15. Qe2 O-O-O 16. g3 Bd6 17. Kb1 Rhe8 18. c4 c5 19. Bc3 cxd4 20. Nxd4 a6
21. Nb3 Qc6 22. Rh4 e5 23. c5 Bc7 24. Rc1 Rd5 25. Rc4 Qb5 26. c6 bxc6 27. a4
Qb7 28. Rb4 Qa8 29. Bd2 Re6 30. Nc5 Red6 31. Be3 a5 32. Rb3 Rd8 33. Qc4 Bd6 34.
Nb7 Rd7 35. Qxc6+ Bc7 36. Nd6+ 1-0

[Event "V Festival Mare di Fano A"]
[Site "Fano ITA"]
[Date "2016.08.02"]
[Round "5"]
[White "Cirelli, Alessandro"]
[Black "Lavorgna, Francesco"]
[WhiteElo "1935"]
[BlackElo "1887"]
[Result "0-1"]
[PlyCount "142"]
[EventDate "2016.07.30"]

1. e4 c6 2. d4 d5 3. Nc3 dxe4 4. Nxe4 Nf6 5. Nxf6+ exf6 6. Nf3 Bd6 7. Bd3 O-O
8. O-O Re8 9. h3 Be6 10. c4 h6 11. Qc2 Qc7 12. Bd2 Nd7 13. Rfe1 Bf4 14. Bxf4
Qxf4 15. Re4 Qc7 16. Rae1 Nb6 17. b3 a5 18. a3 Qe7 19. Qc1 Qd7 20. a4 Qe7 21.
Bc2 Qd7 22. Qd2 Red8 23. Qf4 Nc8 24. R4e3 Ne7 25. Rd1 Qd6 26. Qxd6 Rxd6 27. Rd2
Rad8 28. Kf1 Kf8 29. Ke1 g6 30. Kd1 h5 31. Kc1 Nf5 32. Bxf5 Bxf5 33. Kb2 g5 34.
Kc3 Be6 35. Re1 R8d7 36. Re3 Rd8 37. h4 g4 38. Ng1 Kg7 39. Ne2 Rc8 40. Nf4 Kh6
41. c5 Rd7 42. Nxe6 fxe6 43. Rxe6 Kg6 44. Rde2 Rcd8 45. R6e4 Kf7 46. g3 Rc7 47.
Rf4 Rcd7 48. Re5 Kg6 49. Re6 Rf8 50. b4 axb4+ 51. Kxb4 Rff7 52. a5 Rc7 53. a6
bxa6 54. Ka5 Kg7 55. Kxa6 f5 56. Kb6 Kh7 57. Rxc6 Rb7+ 58. Ka5 Rb1 59. Ra6 Rfb7
60. d5 R7b5+ 61. Ka4 Rxc5 62. Rd6 Rc8 63. Ra6 Ra1+ 64. Kb5 Rb8+ 65. Rb6 Rb1+
66. Rb4 Rxb6+ 67. Kxb6 Rxb4+ 68. Kc5 Rb1 69. d6 Kg7 70. d7 Rd1 71. Kc6 Kf7 0-1

[Event "V Festival Mare di Fano A"]
[Site "Fano ITA"]
[Date "2016.08.02"]
[Round "5"]
[White "Csonka, Attila Istvan"]
[Black "Murin, Janos"]
[WhiteElo "2316"]
[BlackElo "2107"]
[Result "1-0"]
[PlyCount "57"]
[EventDate "2016.07.30"]

1. e4 c5 2. Nf3 Nc6 3. d4 cxd4 4. Nxd4 g6 5. Nb3 Bg7 6. Be2 Nf6 7. Nc3 O-O 8.
O-O d6 9. Re1 Be6 10. Bf1 Re8 11. Nd5 a6 12. c3 Rb8 13. a4 Ne5 14. a5 Ned7 15.
f3 Qc8 16. Be3 h6 17. Ra4 Kh7 18. Rb4 Ne5 19. Qd2 Nc6 20. Ra4 Nd7 21. Qf2 Qd8
22. Rea1 Rf8 23. Nd2 f5 24. Nf4 Bg8 25. exf5 gxf5 26. Nh5 Nce5 27. Nxg7 Kxg7
28. Qg3+ Kh7 29. Bxh6 1-0

[Event "V Festival Mare di Fano A"]
[Site "Fano ITA"]
[Date "2016.08.02"]
[Round "5"]
[White "Esposti, Federico"]
[Black "Aulia, Virda Rizka"]
[WhiteElo "2063"]
[BlackElo "1918"]
[Result "1-0"]
[PlyCount "53"]
[EventDate "2016.07.30"]

1. e4 e6 2. d4 d5 3. Nc3 Nf6 4. Bg5 dxe4 5. Nxe4 Be7 6. Bxf6 gxf6 7. Nf3 b6 8.
Bd3 Bb7 9. Qe2 c6 10. O-O-O Qc7 11. Kb1 Nd7 12. Rhe1 O-O-O 13. Ba6 Rhg8 14.
Bxb7+ Kxb7 15. g3 f5 16. Nc3 Nf6 17. a3 Bd6 18. Ne5 h5 19. Qf3 Bxe5 20. dxe5
Rxd1+ 21. Nxd1 Ng4 22. h3 Nxe5 23. Qxh5 Ng6 24. Qf3 f4 25. Nc3 fxg3 26. fxg3
Ne5 27. Rxe5 1-0

[Event "V Festival Mare di Fano A"]
[Site "Fano ITA"]
[Date "2016.08.02"]
[Round "5"]
[White "Fier, Alexandr"]
[Black "Cuhendi, Sean Winshand"]
[WhiteElo "2616"]
[BlackElo "2395"]
[Result "1-0"]
[PlyCount "73"]
[EventDate "2016.07.30"]

1. e4 g6 2. d4 Bg7 3. c4 d6 4. Nc3 Nf6 5. Be2 O-O 6. Nf3 e5 7. O-O Nc6 8. d5
Ne7 9. b4 Ne8 10. c5 f5 11. Nd2 Nf6 12. a4 f4 13. Nc4 g5 14. Ba3 g4 15. cxd6
cxd6 16. b5 f3 17. Nxd6 fxe2 18. Nxe2 Bh6 19. Qb3 Kh8 20. Rad1 Nd7 21. Ng3 Bg5
22. Qb2 Kg8 23. Nc4 Qe8 24. Bd6 Ng6 25. Bxf8 Qxf8 26. d6 Qf7 27. Rd5 b6 28. f4
Nxf4 29. Nxe5 Qf6 30. Nd3 Nxd3 31. Qxf6 Bxf6 32. Rxd3 Be5 33. Nf5 Bb7 34. Ne7+
Kg7 35. Nc6 Re8 36. Rf5 h6 37. Nxe5 1-0

[Event "V Festival Mare di Fano A"]
[Site "Fano ITA"]
[Date "2016.08.02"]
[Round "5"]
[White "Getz, Nicolai"]
[Black "Corvi, Marco"]
[WhiteElo "2461"]
[BlackElo "2343"]
[Result "1-0"]
[PlyCount "50"]
[EventDate "2016.07.30"]

1. e4 Nf6 2. e5 Nd5 3. d4 d6 4. Nf3 dxe5 5. Nxe5 c6 6. Be2 Bf5 7. O-O Nd7 8.
Bg4 Bxg4 9. Qxg4 Nxe5 10. dxe5 e6 11. c4 Ne7 12. Nd2 Qc7 13. Nf3 Nf5 14. Qe4 h6
15. Bd2 g5 16. Bc3 Rg8 17. Rad1 g4 18. Nd4 Nxd4 19. Rxd4 Rg5 20. Rfd1 Be7 21.
Qh7 h5 22. Rf4 Bf8 23. Rf6 Qe7 24. Bb4 Rg7 25. Qxh5 Qc7 1-0

[Event "V Festival Mare di Fano A"]
[Site "Fano ITA"]
[Date "2016.08.02"]
[Round "5"]
[White "Gonzalez Diaz, Julio"]
[Black "Legowo, Parahita Millyena"]
[WhiteElo "2273"]
[BlackElo "2085"]
[Result "1-0"]
[PlyCount "83"]
[EventDate "2016.07.30"]

1. e4 e6 2. d4 d5 3. Bd3 Nf6 4. e5 Nfd7 5. f4 c5 6. c3 Nc6 7. Nf3 Qb6 8. Bc2
cxd4 9. cxd4 Bb4+ 10. Nc3 f6 11. O-O O-O 12. Be3 Bxc3 13. bxc3 Na5 14. Bxh7+
Kxh7 15. Ng5+ fxg5 16. Qh5+ Kg8 17. fxg5 Rf5 18. g4 Nf8 19. gxf5 exf5 20. Rf2
Nc4 21. Bf4 Qg6 22. Qf3 Be6 23. h4 Qf7 24. h5 g6 25. Rh2 Qg7 26. Kf2 Bf7 27.
hxg6 Nxg6 28. Rah1 Re8 29. Rh6 Re6 30. Bc1 Ncxe5 31. Qxf5 Ne7 32. Rh8+ Qxh8 33.
Rxh8+ Kxh8 34. Qh3+ Kg8 35. dxe5 Rxe5 36. Be3 Be6 37. Qh2 Nc6 38. g6 Rf5+ 39.
Ke1 d4 40. Qh7+ Kf8 41. g7+ Ke8 42. Qxf5 1-0

[Event "V Festival Mare di Fano A"]
[Site "Fano ITA"]
[Date "2016.08.02"]
[Round "5"]
[White "Kholopov, Alexander A"]
[Black "Fisabilillah, Ummi"]
[WhiteElo "2289"]
[BlackElo "2099"]
[Result "0-1"]
[PlyCount "82"]
[EventDate "2016.07.30"]

1. d4 Nf6 2. c4 e6 3. Nc3 Bb4 4. Qc2 O-O 5. a3 Bxc3+ 6. Qxc3 b6 7. Bg5 Bb7 8.
f3 d5 9. e3 Nbd7 10. cxd5 exd5 11. Bd3 h6 12. Bh4 Qe7 13. Ne2 Rfe8 14. Bf2 c5
15. dxc5 Nxc5 16. O-O Rac8 17. Bf5 Nfd7 18. Nd4 Qf6 19. Rfd1 Ne6 20. Qd3 Ne5
21. Qb1 Nc4 22. b3 Nd6 23. Bh3 Rcd8 24. Qd3 Nc5 25. Qd2 Re7 26. a4 a5 27. Rac1
Rde8 28. Qc3 Kh8 29. Ne2 Qg5 30. Rd4 Rxe3 31. f4 Rxc3 32. fxg5 Rxc1+ 33. Nxc1
hxg5 34. Rd1 Nde4 35. Bd4 Bc6 36. g3 Nd2 37. Bg2 Nde4 38. Nd3 Nxb3 39. Bxb6
Bxa4 40. Re1 Bb5 41. Bxe4 Bxd3 0-1

[Event "V Festival Mare di Fano A"]
[Site "Fano ITA"]
[Date "2016.08.02"]
[Round "5"]
[White "Klekowski, Maciej"]
[Black "Lioe, Dede"]
[WhiteElo "2429"]
[BlackElo "2357"]
[Result "1/2-1/2"]
[PlyCount "137"]
[EventDate "2016.07.30"]

1. c4 Nf6 2. Nf3 g6 3. g3 Bg7 4. Bg2 O-O 5. O-O d5 6. cxd5 Nxd5 7. d4 Nb6 8.
Nc3 Nc6 9. d5 Na5 10. Qc2 c6 11. dxc6 Nxc6 12. Rd1 Bd7 13. Bf4 Rc8 14. Rac1 Qe8
15. Qd2 Bg4 16. b3 e5 17. Bh6 Qe7 18. Bxg7 Kxg7 19. Qb2 Rfd8 20. h3 Be6 21. Ne4
f6 22. g4 h6 23. Rxd8 Rxd8 24. Nc5 Bd5 25. e3 Rc8 26. Qd2 Rd8 27. Qb2 Rc8 28.
Qd2 Rd8 29. Qe2 Rc8 30. a3 Nd7 31. b4 b6 32. Qa6 Rc7 33. Nxd7 Rxd7 34. Qb5 Qe6
35. Nd2 Bxg2 36. Kxg2 Nd8 37. Ne4 f5 38. gxf5 gxf5 39. Ng3 Nf7 40. Qc6 Rd6 41.
Qc8 Qxc8 42. Rxc8 Kg6 43. Rc7 f4 44. Ne4 Rd3 45. exf4 exf4 46. Rxa7 Ne5 47. b5
Kf5 48. Ra4 h5 49. Kf1 Rxh3 50. Nd6+ Ke6 51. Nc4 f3 52. Ke1 Nd3+ 53. Kd2 Nxf2
54. Nxb6 Ng4 55. Nc4 f2 56. Ke2 Rh1 57. Nd2 Re1+ 58. Kd3 Ne5+ 59. Kc2 Re2 60.
Rf4 h4 61. Kd1 Re1+ 62. Kc2 Re2 63. Kd1 Re1+ 64. Kc2 Rc1+ 65. Kxc1 Nd3+ 66. Kd1
Nxf4 67. b6 Kd7 68. a4 Kc6 69. a5 1/2-1/2

[Event "V Festival Mare di Fano A"]
[Site "Fano ITA"]
[Date "2016.08.02"]
[Round "5"]
[White "Liepold, Stefan"]
[Black "Mirri, Pietro"]
[WhiteElo "2236"]
[BlackElo "2011"]
[Result "1/2-1/2"]
[PlyCount "86"]
[EventDate "2016.07.30"]

1. e4 e6 2. d4 d5 3. Nc3 Nf6 4. e5 Nfd7 5. f4 c5 6. Nf3 Nc6 7. Be3 cxd4 8. Nxd4
Bc5 9. Qd2 O-O 10. O-O-O a6 11. Qf2 Bxd4 12. Bxd4 b5 13. Bd3 Bb7 14. Rhe1 b4
15. Na4 Nxd4 16. Qxd4 Qa5 17. b3 Bc6 18. f5 Bxa4 19. f6 g6 20. Qf4 Kh8 21. Re3
Rg8 22. Rh3 Nf8 23. bxa4 Qxa4 24. Kb1 Rc8 25. Rf1 Rc5 26. Qd4 Ra5 27. Qb2 Nd7
28. Rf4 Rb8 29. Rhh4 Qa3 30. Rxb4 Qxb2+ 31. Kxb2 Rxb4+ 32. Rxb4 h5 33. Rb7 Nxe5
34. Ra7 Nxd3+ 35. cxd3 Kg8 36. Ra8+ Kh7 37. Rf8 g5 38. Rxf7+ Kg6 39. Rf8 Rb5+
40. Kc3 Ra5 41. Kb3 Rb5+ 42. Kc3 Ra5 43. Kb3 Rb5+ 1/2-1/2

[Event "V Festival Mare di Fano A"]
[Site "Fano ITA"]
[Date "2016.08.02"]
[Round "5"]
[White "Lindiawati, Evi"]
[Black "Villar Nieves, Antonio"]
[WhiteElo "2022"]
[BlackElo "2175"]
[Result "1/2-1/2"]
[PlyCount "128"]
[EventDate "2016.07.30"]

1. c4 f5 2. Nc3 Nf6 3. d3 g6 4. g3 Bg7 5. Bg2 e5 6. e4 fxe4 7. Nxe4 Nxe4 8.
dxe4 d6 9. Be3 Nc6 10. Nf3 Be6 11. b3 Qe7 12. Qd2 h6 13. Rc1 g5 14. h3 Qf7 15.
g4 O-O-O 16. Ng1 Nd4 17. Bxd4 exd4 18. Ne2 c5 19. Qd3 Rdf8 20. f3 Be5 21. Rb1
h5 22. Kd2 hxg4 23. hxg4 Bh2 24. Rbf1 Rh4 25. Kc2 Rfh8 26. Nc1 Qf6 27. Qe2 Bf4
28. Nd3 Be3 29. Rxh4 Rxh4 30. Rh1 Qh8 31. Rxh4 Qxh4 32. Qe1 Qxe1 33. Nxe1 Kc7
34. Bf1 a6 35. a4 Bf4 36. Bd3 Kb6 37. Kd1 Ka5 38. Kc2 Bg3 39. Ng2 Kb4 40. Kb2
Bd7 41. Be2 b5 42. axb5 axb5 43. Kc2 bxc4 44. Bxc4 Bb5 45. Bxb5 Kxb5 46. Kd1
Kb4 47. f4 Kxb3 48. fxg5 c4 49. g6 Be5 50. Nf4 d3 51. g5 Kb2 52. Nxd3+ cxd3 53.
Kd2 Kb3 54. Kxd3 Kb4 55. Ke3 Kc5 56. g7 Bxg7 57. Kf4 Kc6 58. Kf5 Kd7 59. Kg6
Bb2 60. Kf7 Ba1 61. g6 Bb2 62. g7 Bxg7 63. Kxg7 Ke7 64. Kg8 Kf6 1/2-1/2

[Event "V Festival Mare di Fano A"]
[Site "Fano ITA"]
[Date "2016.08.02"]
[Round "5"]
[White "Maisuradze, Nino"]
[Black "Laketic, Gojko"]
[WhiteElo "2281"]
[BlackElo "2413"]
[Result "0-1"]
[PlyCount "60"]
[EventDate "2016.07.30"]

1. d4 Nf6 2. c4 d6 3. Nc3 e5 4. g3 c6 5. Bg2 Be7 6. Nf3 e4 7. Ng5 d5 8. cxd5
cxd5 9. O-O h6 10. Nh3 Nc6 11. Bf4 O-O 12. Qd2 Be6 13. Be5 Ng4 14. Nf4 e3 15.
fxe3 Ncxe5 16. dxe5 Bc5 17. Nd1 Qb6 18. Nxd5 Rad8 19. Nxb6 Rxd2 20. Na4 Bxe3+
21. Nxe3 Nxe3 22. Rfe1 Rfd8 23. Be4 R8d4 24. Nc5 b6 25. Nxe6 Rxe4 26. Nf4 Rxe5
27. Rac1 Re7 28. Nd3 Nc2 29. Rcd1 Rxd3 30. Rxd3 Nxe1 0-1

[Event "V Festival Mare di Fano A"]
[Site "Fano ITA"]
[Date "2016.08.02"]
[Round "5"]
[White "Marzocchi, Tommaso"]
[Black "Scarpa, Silvia"]
[WhiteElo "2068"]
[BlackElo "1926"]
[Result "0-1"]
[PlyCount "42"]
[EventDate "2016.07.30"]

1. e4 c5 2. Nf3 d6 3. d4 cxd4 4. Nxd4 Nf6 5. Nc3 a6 6. Be2 e5 7. Nb3 Be7 8. O-O
Be6 9. f4 O-O 10. f5 Bd7 11. Be3 Bc6 12. Bf3 b5 13. Nd5 Bxd5 14. exd5 Nbd7 15.
Qd3 Rc8 16. a4 e4 17. Bxe4 Ne5 18. Qe2 Nxe4 19. axb5 axb5 20. Nd4 Nf6 21. Qxb5
Rb8 0-1

[Event "V Festival Mare di Fano A"]
[Site "Fano ITA"]
[Date "2016.08.02"]
[Round "5"]
[White "Mazzini, Mauro"]
[Black "Tamin, Upi Darmayana"]
[WhiteElo "2191"]
[BlackElo "2033"]
[Result "1-0"]
[PlyCount "48"]
[EventDate "2016.07.30"]

1. e4 c5 2. Nc3 Nc6 3. f4 g6 4. Nf3 Bg7 5. Bb5 a6 6. Bxc6 bxc6 7. d3 d6 8. O-O
e6 9. Qe1 Ne7 10. b3 O-O 11. Bb2 h6 12. Rd1 Re8 13. e5 Nd5 14. Ne4 dxe5 15.
fxe5 Rf8 16. Qf2 Qa5 17. Nfd2 Qc7 18. Nc4 a5 19. Nxc5 f5 20. exf6 Nxf6 21. Be5
Qd8 22. Qe2 Qd5 23. d4 Ba6 24. Nxa6 Rxa6 1-0

[Event "V Festival Mare di Fano A"]
[Site "Fano ITA"]
[Date "2016.08.02"]
[Round "5"]
[White "Misiano, Franco"]
[Black "Nguyen, Piotr"]
[WhiteElo "2296"]
[BlackElo "2430"]
[Result "0-1"]
[PlyCount "84"]
[EventDate "2016.07.30"]

1. e4 d6 2. d4 Nf6 3. Nc3 c6 4. f4 Qa5 5. Bd3 e5 6. Nf3 exd4 7. Nxd4 g6 8. Nb3
Qc7 9. O-O Bg7 10. Qe1 O-O 11. Kh1 b5 12. a3 a6 13. Be3 Nbd7 14. Qh4 Bb7 15. e5
dxe5 16. fxe5 Qxe5 17. Bg5 c5 18. Rae1 Qc7 19. Ne4 Nxe4 20. Bxe4 c4 21. Nd4
Rfe8 22. Rxf7 Bxe4 23. Rxg7+ Kxg7 24. Rxe4 Rxe4 25. Bh6+ Kf7 26. Qxe4 Qe5 27.
Qf3+ Nf6 28. Qb7+ Qe7 29. Qxe7+ Kxe7 30. Kg1 Kd6 31. h3 Kd5 32. Nf3 Re8 33. Kf1
Ne4 34. Be3 Nc3 35. Bc1 Ne2 36. Bd2 Ng3+ 37. Kf2 Ne4+ 38. Kf1 c3 39. bxc3 Nxd2+
40. Nxd2 Re3 41. Nb1 Kc4 42. Kf2 Rxc3 0-1

[Event "V Festival Mare di Fano A"]
[Site "Fano ITA"]
[Date "2016.08.02"]
[Round "5"]
[White "Nemeth, Miklos"]
[Black "Purnama, Tirta Chandra"]
[WhiteElo "2467"]
[BlackElo "2337"]
[Result "1/2-1/2"]
[PlyCount "69"]
[EventDate "2016.07.30"]

1. e4 c5 2. Nf3 e6 3. d4 cxd4 4. Nxd4 a6 5. Bd3 g6 6. O-O Bg7 7. Nb3 Ne7 8. c4
O-O 9. Qe2 Nbc6 10. Nc3 a5 11. Na4 d5 12. c5 e5 13. Bd2 Be6 14. Rfd1 Qc7 15.
exd5 Nxd5 16. Bc4 Rad8 17. Rac1 Nf4 18. Qf1 Bg4 19. f3 Bf5 20. Be3 Nb4 21. Rxd8
Qxd8 22. Rd1 Qc7 23. Nc3 Nc2 24. Bf2 Nd4 25. Nxd4 exd4 26. Nb5 Qxc5 27. Nxd4
Bd3 28. Bxd3 Bxd4 29. Be4 Rd8 30. Kh1 Qb6 31. Rxd4 Rxd4 32. Qg1 Ne2 33. Bxd4
Nxd4 34. b3 Qb4 35. Bxb7 1/2-1/2

[Event "V Festival Mare di Fano A"]
[Site "Fano ITA"]
[Date "2016.08.02"]
[Round "5"]
[White "Paler, Adrian"]
[Black "Brancaleoni, Maurizio"]
[WhiteElo "2066"]
[BlackElo "2229"]
[Result "1/2-1/2"]
[PlyCount "75"]
[EventDate "2016.07.30"]

1. e4 d6 2. d4 Nf6 3. Nc3 Nbd7 4. Nf3 e5 5. Be2 Be7 6. O-O O-O 7. dxe5 dxe5 8.
a3 c6 9. Bc4 Qc7 10. Qe2 b5 11. Bb3 a5 12. Bg5 Ba6 13. Bxf6 Bxf6 14. Nb1 Nb6
15. c3 Rfd8 16. Rd1 a4 17. Rxd8+ Qxd8 18. Bd1 Nc4 19. b4 axb3 20. Bxb3 Na5 21.
Qa2 Nxb3 22. Qxb3 Bc8 23. Nbd2 Be6 24. Qc2 Ra4 25. Rd1 Qe7 26. Nb1 g6 27. h3
Bg7 28. Qd3 Bf6 29. Qe3 Kg7 30. Qb6 Qe8 31. Rd6 Rxe4 32. Rxc6 Rc4 33. Rxc4 Bxc4
34. Nbd2 Bd3 35. Qe3 e4 36. Ng5 Bxg5 37. Qxg5 Qe6 38. Qc5 1/2-1/2

[Event "V Festival Mare di Fano A"]
[Site "Fano ITA"]
[Date "2016.08.02"]
[Round "5"]
[White "Rago, Riccardo"]
[Black "Rahman, Masruri"]
[WhiteElo "2042"]
[BlackElo "2335"]
[Result "1/2-1/2"]
[PlyCount "51"]
[EventDate "2016.07.30"]

1. e4 e6 2. d4 d5 3. Nd2 c5 4. Ngf3 cxd4 5. exd5 Qxd5 6. Bc4 Qd6 7. O-O Nf6 8.
Nb3 Nc6 9. Nbxd4 Nxd4 10. Qxd4 Qxd4 11. Nxd4 Bd7 12. Bb5 Bc5 13. Bxd7+ Nxd7 14.
Be3 Rc8 15. c3 Nf6 16. Rad1 O-O 17. Nc2 Nd5 18. Bxc5 Rxc5 19. Rd2 Rfc8 20. Rfd1
Kf8 21. Ne3 Nxe3 22. fxe3 Rb5 23. Kf2 Rc7 24. e4 Ke7 25. Kf3 h5 26. Re2 1/2-1/2

[Event "V Festival Mare di Fano A"]
[Site "Fano ITA"]
[Date "2016.08.02"]
[Round "5"]
[White "Rigo, Janos"]
[Black "Moroni, Luca jr"]
[WhiteElo "2243"]
[BlackElo "2457"]
[Result "0-1"]
[PlyCount "132"]
[EventDate "2016.07.30"]

1. e4 e6 2. d4 d5 3. Nc3 Nf6 4. Bg5 Be7 5. e5 Nfd7 6. Bxe7 Qxe7 7. f4 a6 8. Nf3
c5 9. Ne2 cxd4 10. a3 Nc6 11. Nexd4 f6 12. exf6 Qxf6 13. Nxc6 bxc6 14. Qd4 c5
15. Qxf6 gxf6 16. O-O-O Bb7 17. g3 e5 18. fxe5 d4 19. Bg2 fxe5 20. Rhe1 O-O-O
21. Nxe5 Bxg2 22. Nf7 Kc7 23. b4 Rhf8 24. Nxd8 Rxd8 25. Re7 Kc6 26. Rxh7 Ne5
27. bxc5 Bf3 28. Rh6+ Kb5 29. Rd2 Nc4 30. Rd3 Re8 31. Kb1 Re1+ 32. Ka2 Be4 33.
Rxd4 Bxc2 34. Rhh4 Bb1+ 35. Ka1 Bf5+ 36. Ka2 Re2+ 37. Ka1 Nxa3 38. Rb4+ Kxc5
39. Ra4 Nc2+ 40. Kb2 Ne3+ 41. Ka1 Re1+ 42. Kb2 Re2+ 43. Ka1 Bd3 44. Rh5+ Nd5
45. Ra5+ Bb5 46. Ra3 Kb4 47. Ra2 Re1+ 48. Kb2 Ne3 49. Rh4+ Nc4+ 50. Kc2 Re2+
51. Kb1 Re3 52. Rd4 Re1+ 53. Kc2 a5 54. Rf4 Re5 55. g4 a4 56. h4 Re2+ 57. Kb1
Re1+ 58. Kc2 a3 59. h5 Re3 60. Rf1 Rc3+ 61. Kb1 Nd2+ 62. Rxd2 Bxf1 63. Rd1 Be2
64. Rg1 Kb3 65. h6 Bd3+ 66. Ka1 Rc2 0-1

[Event "V Festival Mare di Fano A"]
[Site "Fano ITA"]
[Date "2016.08.02"]
[Round "5"]
[White "Romanishin, Oleg M"]
[Black "Priasmoro, Novendra"]
[WhiteElo "2433"]
[BlackElo "2309"]
[Result "1/2-1/2"]
[PlyCount "101"]
[EventDate "2016.07.30"]

1. d4 Nf6 2. Nf3 g6 3. g3 Bg7 4. Bg2 O-O 5. c4 d6 6. O-O Nc6 7. Nc3 Bf5 8. Bd2
Ne4 9. Be1 Nxc3 10. Bxc3 Be4 11. Rc1 d5 12. b3 Qd7 13. e3 Rad8 14. Qe2 h6 15.
Rfd1 g5 16. Ne5 Nxe5 17. dxe5 Bxg2 18. Kxg2 Qc6 19. cxd5 Rxd5 20. Rxd5 Qxd5+
21. e4 Qd7 22. Rd1 Qc8 23. Qd3 g4 24. Qd7 e6 25. h3 h5 26. hxg4 hxg4 27. Qd3 c5
28. Qe2 Rd8 29. Qxg4 Rxd1 30. Qxd1 Qc6 31. Qd3 b5 32. f4 c4 33. bxc4 bxc4 34.
Qd4 Qa6 35. Qd8+ Kh7 36. Qd2 Qb7 37. Qc2 Qb5 38. Kf3 a5 39. Qh2+ Kg8 40. Qb2
Qc5 41. Bd4 Qc6 42. Qd2 a4 43. g4 Qb5 44. Qb2 Qa5 45. Qc3 Qb5 46. Qb2 Qa5 47.
Bc3 Qc5 48. Qc1 Kh7 49. g5 Kg8 50. Qb1 Bf8 51. Qe1 1/2-1/2